Normal view
MARC view
Entry Personal Name
001 - CONTROL NUMBER
- control field: 34542
003 - CONTROL NUMBER IDENTIFIER
- control field: ARRUPE
005 - DATE AND TIME OF LATEST TRANSACTION
- control field: 20170803103353.0
008 - FIXED-LENGTH DATA ELEMENTS
- fixed length control field: 170803|| aca||aabn | a|a d
040 ## - CATALOGING SOURCE
- Original cataloging agency: ARRUPE
- Transcribing agency: ARRUPE
100 ## - HEADING--PERSONAL NAME
- Personal name: Villa-Cha, Joao J. (ed.)
670 ## - SOURCE DATA FOUND
- Source citation: Work cat.: (ARRUPE)1312: A civilizacao da economia e as respostas da filosofia: sobre a pertinencia e a praxis do saber, 2009